000 00553nam a2200181Ia 4500
008 131103s9999 xx 000 0 und d
040 _aLoreto College
041 _aEnglish
082 _a822.33(ID)/HAM/LEV/822.33/S8/SHA
_b#NAME?
245 _aDiscussion of Hamlet
_cedited with an introduction by J.C.Levenson
260 _aBoston
_bD.C.Heath
_c1960
300 _ax,113 p.
_c 23 cm.
650 _aEnglish Drama
651 _aShakespeare,William - Hamlet - Criticism and Interpretation
700 _aLevenson,J.C.
850 _aLCLIB
942 _cBK
999 _c4475
_d54954